[Event "RUS-chT Blitz Men 2018"]
[Site "Sochi"]
[Date "2018.10.10"]
[Round "12"]
[White "Gutenev, Alexander"]
[Black "Uzhva, Andrey"]
[Result "1-0"]
[WhiteElo "2456"]
[BlackElo "2270"]
[Annotator "TA"]
[PlyCount "106"]
[EventDate "2018.10.10"]
[EventType "swiss"]
[EventCountry "RUS"]
[SourceTitle "playchess.com"]
[Source "ChessBase"]
[SourceQuality "1"]

{[%evp 23,106,46,55,36,75,75,64,74,150,46,37,8,14,17,28,-38,-33,-100,-94,-123,66,72,74,68,75,80,175,45,62,44,37,26,183,0,0,0,21,0,14,14,14,9,18,0,0,0,31,31,15,-4,70,75,74,85,187,0,0,0,173,171,258,139,126,132,149,91,91,91,91,91,91,87,712,695,638,638,1062,1055,934,936,931,953,938,912,755]} 1. e4 c5 2. Nf3 d6 3. d4 cxd4 4. Nxd4 Nf6 5. Nc3 g6 6. Be3 Bg7 7. f3 Nc6 8. Qd2 O-O 9. O-O-O Nxd4 10. Bxd4 Qa5 11. Kb1 Rd8 12. g4 {[%cal Bg2g4,Bg4g5][%mdl 32]} Be6 {LiveBook: 5 Games. B76: Sicilian Dragon: Yugoslav Attack, 9 g4 and 9 0-0-0} 13. a3 Rac8 14. h4 h5 $146 {White is better.} ({Predecessor:} 14... b6 15. h5 Bc4 16. hxg6 hxg6 17. Bxc4 Rxc4 18. Qh2 Re8 19. Nd5 Qb5 20. Bxf6 exf6 21. Qxd6 {1-0 (21) Lau,R (2530)-Kalka,A (2385) Germany 1993}) 15. g5 Nd7 (15... Ne8 $142) 16. Bxg7 ({White must play} 16. Nd5 $1 $16 {[%cal Rd5e7]} Qxd2 17. Nxe7+ Kf8 18. Rxd2) 16... Kxg7 $14 17. f4 Bg4 18. Re1 Nb6 19. Kc1 (19. Rh2 $11) 19... d5 $15 20. Qd4+ ({White should try} 20. exd5 $1 $15 Nxd5 21. Nxd5 Qxd2+ 22. Kxd2) 20... Kg8 $17 21. Qe5 Rxc3 $2 (21... e6 $1 $17 {Threatens to win with ...Qc5.} 22. Bd3 Nd7) 22. Qxc3 $14 Qxc3 23. bxc3 dxe4 24. Bg2 Nd5 (24... Rc8 $16) 25. Bxe4 (25. Rxe4 $18 {Rd4 is the strong threat.} e6 26. Rd4) 25... Nxc3 26. Bd3 e6 27. Rhf1 Rd4 $2 (27... Rc8 $11 {and Black stays safe.}) 28. Kb2 $2 (28. Kd2 $1 $18 {[%cal Rd2c3]} Na4 29. Re4 Rxe4 30. Bxe4) 28... Na4+ $1 $11 29. Kb3 Kf8 30. Re5 {Black must now prevent Ra5.} b6 31. Bb5 $36 {[%mdl 2048] White has the initiative.} Nc5+ 32. Kc3 Rd6 33. Rfe1 Ke7 34. Bd3 Rc6 {With the idea ...Nd7+.} 35. Kd2 Rd6 36. Ke3 Kd7 (36... Bf5 $11) 37. a4 $14 a5 38. Rb1 $1 Kc7 {[#]} (38... Kc6 $16 {was necessary.}) 39. Ra1 $2 (39. Rxc5+ $1 $18 bxc5 40. Rb5) 39... Bh3 40. Ra3 Bg4 $2 (40... Kd8 $11) 41. Rc3 $18 Kb7 (41... Kd7 $142) 42. Rc4 (42. Rexc5 $18 {Intending Rc7+ and mate.} bxc5 43. Be4+ (43. Rxc5 Bf5 $16) 43... Kb6 44. Rb3+ Kc7 45. Rb7+ Kc8 46. Rxf7) 42... Nxd3 $16 43. cxd3 {[%mdl 4096] Endgame KRR-KRB} Bd1 {[#]} 44. Rb5 (44. f5 $142 $1) 44... Rc6 45. Rb1 Rxc4 46. dxc4 Bxa4 {KR-KB} 47. Kd4 Bc2 $2 {[%mdl 8192]} (47... Kc7 $16) 48. Rb2 $18 {White is clearly winning.} Ba4 49. Ke5 Kc6 50. Kf6 b5 51. cxb5+ Bxb5 52. Kxf7 Bd3 53. Kxe6 Kc5 {Precision: White = 40%, Black = 45%.} 1-0

[Event "RUS-chT Blitz Men 2018"]
[Site "Sochi"]
[Date "2018.10.10"]
[Round "12"]
[White "Sharafiev, Azat"]
[Black "Rudakov, Sergey S."]
[Result "1-0"]
[WhiteElo "2432"]
[BlackElo "1733"]
[Annotator "TA"]
[PlyCount "89"]
[EventDate "2018.10.10"]
[EventType "swiss"]
[EventCountry "RUS"]
[SourceTitle "playchess.com"]
[Source "ChessBase"]
[SourceQuality "1"]

{[%evp 15,89,23,47,27,15,26,26,27,24,22,20,18,23,8,33,25,44,34,65,55,77,59,63,37,46,22,32,28,56,37,74,62,79,77,106,121,140,139,263,263,263,263,263,263,263,263,689,684,1191,1170,1101,1128,1333,864,841,833,1130,889,668,648,1604,877,1619,1597,1609,1476,3613,3177,29986,29987,29993,29994,29995,29996,29997,29996]} 1. e4 {[%cal Be2e4,Be4e5][%mdl 32]} e6 2. d4 d5 3. Nd2 Nf6 4. e5 Nfd7 5. f4 c5 6. c3 Nc6 7. Ngf3 Qb6 8. Nb3 a5 {LiveBook: 12 Games} 9. dxc5 {C05: French Tarrasch: 3...Nf6 4 e5 Nfd7, 5 f4 and 5 Bd3 sidelines} (9. a4 {seems wilder.} cxd4 10. cxd4 Bb4+ 11. Kf2 O-O 12. g3) (9. a4 cxd4 10. cxd4 Ndb8 11. Bd3 Bd7 12. O-O Nb4 13. Bb1 N8a6 14. Ng5 g6 15. h4 h5 16. g4 hxg4 17. Qxg4 {0-1 (42) Safarli,E (2653)-Tikkanen,H (2544) Warsaw 2013 CBM 158 [CB]}) 9... Nxc5 10. Be3 a4 11. Nxc5 {White has an edge.} Bxc5 12. Bxc5 Qxc5 13. Qd2 Bd7 14. Qf2 Qa5 $146 ({Predecessor:} 14... b6 15. a3 Na5 16. Nd4 O-O {1-0 (37) Wasserbauer,R (1978)-Seidl,A (2012) Pavla Vlachovice 2010}) 15. Bd3 g6 16. O-O O-O 17. Qh4 {Strongly threatening g4.} Kg7 18. Qf6+ Kg8 19. h4 Qd8 20. h5 {[%cal Rh5g6]} Qxf6 21. exf6 a3 22. b4 Rfc8 23. Rac1 Na7 24. Nd4 Nc6 25. Kf2 Nxd4 26. cxd4 b5 (26... gxh5 $16 {was necessary.} 27. Rh1 h6) 27. Rc5 $18 Rxc5 28. dxc5 {[%cal Bd4c5,Bc5c6][%mdl 4128] Endgame KRB-KRB} Ra4 {[#]} 29. Rb1 $1 Bc6 30. Ke3 d4+ $2 (30... Ra8 31. hxg6 hxg6) 31. Kxd4 Bxg2 32. Bxb5 Ra8 33. c6 Bd5 34. Ra1 Rc8 35. Kc5 gxh5 36. Rg1+ Kf8 37. Rg3 Ra8 38. Bc4 Be4 39. b5 {[%cal Bb4b5,Bb5b6,Bb6b7][%mdl 32]} Rc8 40. Rxa3 Bg2 41. Be2 h4 42. Bf3 {White mates.} Bf1 43. b6 h3 44. b7 {[%cal Rb7c8]} Rb8 45. c7 {Precision: White = 73%, Black = 24%.} 1-0

[Event "RUS-chT Blitz Men 2018"]
[Site "Sochi"]
[Date "2018.10.10"]
[Round "12"]
[White "Lugovskoy, Maxim"]
[Black "Usmanov, Vasily"]
[Result "1/2-1/2"]
[WhiteElo "2428"]
[BlackElo "2453"]
[Annotator "TA"]
[PlyCount "136"]
[EventDate "2018.10.10"]
[EventType "swiss"]
[EventCountry "RUS"]
[SourceTitle "playchess.com"]
[Source "ChessBase"]
[SourceQuality "1"]

{[%evp 9,136,21,55,0,0,4,7,0,0,2,14,12,12,12,11,10,1,9,11,-6,-6,-6,-12,-16,-6,-25,9,0,2,-43,0,0,0,0,0,-8,-7,-8,0,0,18,-9,20,1,0,0,0,0,0,0,0,0,0,0,0,0,0,0,0,0,0,0,0,0,0,0,0,0,0,0,0,0,0,0,0,0,0,0,0,0,0,0,0,0,0,0,0,0,0,0,0,0,0,0,0,0,0,0,0,0,0,0,0,0,0,0,0,0,0,0,0,0,0,0,0,0,0,0,0,0,0,0,0,0,0,0,0,0,0]} 1. d4 d5 2. Nc3 e6 3. Bf4 a6 4. Nf3 (4. Qd2 b5 5. f3 Bb7 6. e3 Nf6 7. g4 c5 8. dxc5 Bxc5 9. O-O-O Nc6 10. Kb1 Qb6 11. Nge2 {0-1 (32) Sethuraman,S (2640)-Meier,G (2654) Berlin 2015}) 4... Bd6 5. Bxd6 $146 ({Predecessor:} 5. Qd2 Ne7 6. Bxd6 cxd6 7. e4 dxe4 8. Nxe4 d5 9. Ng3 f6 10. Bd3 Qd6 11. O-O {½-½ (42) Englert,J (2136)-Zach,A (2276) Munich 2007}) 5... Qxd6 6. e3 {D00: 1 d4 d5: Unusual lines} ({Better is} 6. e4 $14) 6... Nc6 7. Be2 Nf6 8. O-O O-O 9. Rc1 e5 10. dxe5 Nxe5 11. Nxe5 Qxe5 12. Qd4 Qxd4 13. exd4 Bf5 14. Bf3 c6 15. Na4 Rfe8 16. Nc5 Re7 17. Rfe1 Rae8 (17... Rxe1+ {keeps more tension.} 18. Rxe1 b6 19. Na4 Bxc2 20. Nxb6 Rb8) 18. Rxe7 Rxe7 19. c3 Ne8 20. Kf1 {The position is equal.} Nd6 21. Re1 Kf8 22. Rxe7 Kxe7 $11 {[%mdl 4096] Endgame KBN-KBN} 23. Ke1 g5 24. Be2 h6 25. Kd2 Ne4+ (25... a5 {looks sharper.} 26. g3 Bb1 27. a3 Kd8 28. Nb3 b6) 26. Nxe4 Bxe4 {KB-KB} 27. f3 Bb1 28. a3 {[%cal Ba2a3,Ba3a4,Ba4a5][%mdl 32]} f5 {[%cal Bf7f5,Bf5f4][%mdl 32]} 29. b4 f4 30. a4 b5 31. a5 Kf6 32. Ke1 h5 {[%cal Bh6h5,Bh5h4][%mdl 32]} 33. g3 h4 34. gxf4 gxf4 35. Kf2 Bf5 36. Ke1 Ke7 37. Bf1 Kd6 38. Kd2 Ke7 39. Kc1 Kd6 40. Be2 Bh3 41. Kc2 Bf5+ 42. Kd2 Ke7 43. Bd1 Ke6 44. Ke1 Kd6 45. Kd2 Kc7 46. Be2 Kd6 47. Bf1 Kc7 48. Be2 Kd6 49. Bf1 Kc7 50. Be2 Kd6 51. Bf1 Kc7 52. Ke1 Kd6 53. Kf2 Kc7 54. Be2 Kd6 55. Bf1 Kc7 56. Ke1 Kd6 57. Kd2 Kc7 58. Be2 Kd6 59. Kc1 Kc7 60. Kd2 Kd6 61. Bf1 Kc7 62. Ke1 $1 Kd6 63. Be2 Kc7 64. Kf2 Kd6 65. Ke1 Kc7 66. Kd2 Kd6 67. Bd3 Bxd3 68. Kxd3 h3 {Precision: White = 73%, Black = 67%.} 1/2-1/2

[Event "RUS-chT Blitz Men 2018"]
[Site "Sochi"]
[Date "2018.10.10"]
[Round "12"]
[White "Pogromsky, Mikhail"]
[Black "Indjic, Aleksandar"]
[Result "1/2-1/2"]
[WhiteElo "2415"]
[BlackElo "2604"]
[Annotator "TA"]
[PlyCount "109"]
[EventDate "2018.10.10"]
[EventType "swiss"]
[EventCountry "RUS"]
[SourceTitle "playchess.com"]
[Source "ChessBase"]
[SourceQuality "1"]

{[%evp 16,109,32,16,16,10,21,18,26,20,29,31,58,35,44,36,58,35,67,68,60,39,41,31,42,30,30,28,39,0,0,0,0,0,0,-12,-3,-17,-12,-43,-14,-57,-15,-20,-22,-15,-15,-15,-15,-20,-20,-20,-20,-104,-104,-104,-104,-104,-100,-97,-87,-83,0,0,0,0,0,0,0,0,0,0,0,0,0,0,0,0,0,0,0,0,0,0,0,0,0,0,0,0,0,0,0,0,0,0]} 1. Nf3 c5 2. c4 Nf6 3. Nc3 Nc6 4. g3 d6 5. Bg2 g6 6. O-O Bg7 7. d4 cxd4 8. Nxd4 Bd7 9. b3 h5 {A31: Symmetrical English: 2 Nf3 Nf6 3 d4} (9... Nxd4 10. Qxd4 Bc6 11. Bb2 O-O 12. Nd5 Bxd5 13. cxd5 Qa5 14. Bc3 Qa6 15. Qd2 Rfc8 16. Rfc1 Qb5 17. Rab1 a5 18. e4 Nd7 19. Bxg7 Kxg7 20. Qd4+ Kg8 {1-0 (41) So,W (2779)-Grischuk,A (2771) Saint Louis 2015 CBM 168 [Roiz,M]}) 10. h4 Ng4 11. e3 O-O $146 ({Predecessor:} 11... Nge5 12. Bb2 Bg4 13. f3 Bd7 14. Nd5 O-O 15. Qe2 a6 16. Rfd1 e6 17. Nc3 Nxd4 18. exd4 {0-1 (36) Lopushnoy,D (2385)-Dvoirys,S (2615) Tomsk 1997}) 12. Bb2 a6 13. Qd2 Nge5 14. Nce2 Rb8 15. Rac1 Bg4 16. Nxc6 Nxc6 17. Bxg7 Kxg7 18. Nd4 Qd7 19. Nxc6 bxc6 20. e4 c5 21. f4 Kh7 22. e5 dxe5 23. Qxd7 Bxd7 24. fxe5 Bf5 25. Rfd1 a5 26. Rd5 Rfc8 27. Rc3 Kg7 28. Kh2 Rb4 29. Bh3 e6 30. Rd7 a4 31. Bxf5 gxf5 $11 {[%mdl 4096] Endgame KRR-KRR} 32. Rcd3 axb3 33. axb3 Rcb8 34. Rc7 (34. Re7 $1 $11 {remains equal.}) 34... Rxb3 $17 35. Rxb3 Rxb3 36. Rxc5 {KR-KR} Kg6 37. Kg2 Re3 38. Kf2 {[#]} f4 (38... Re4 $1 $17) 39. gxf4 $11 {The position is equal.} Re4 40. Kg3 Re3+ 41. Kg2 Kf5 42. Rc7 Kxf4 43. Rxf7+ Kg4 44. Rg7+ Kxh4 45. c5 {[%cal Bc4c5,Bc5c6][%mdl 32]} Rxe5 46. c6 Rc5 {...Rc2+ is the strong threat.} 47. c7 Rc3 48. Re7 Kg4 49. Rxe6 Rc2+ 50. Kg1 Rxc7 51. Re3 Kf4 52. Ra3 Rc4 53. Kh2 $1 Kg4 54. Ra2 h4 55. Rb2 {Precision: White = 64%, Black = 70%.} 1/2-1/2

[Event "RUS-chT Blitz Men 2018"]
[Site "Sochi"]
[Date "2018.10.10"]
[Round "12"]
[White "Nechaev, Oleg"]
[Black "Dulenko, Maxim"]
[Result "1-0"]
[WhiteElo "2400"]
[BlackElo "2139"]
[Annotator "TA"]
[PlyCount "135"]
[EventDate "2018.10.10"]
[EventType "swiss"]
[EventCountry "RUS"]
[SourceTitle "playchess.com"]
[Source "ChessBase"]
[SourceQuality "1"]

{[%evp 9,135,25,33,23,54,13,12,14,5,0,-3,-20,-30,-27,-26,-32,-28,-71,-64,-120,-115,-166,-16,-30,-8,-305,-287,-327,0,0,0,-10,0,0,75,-141,0,-36,41,-71,-33,-36,101,103,101,-63,-52,-68,-65,-76,-17,-17,-16,-17,-18,-96,-73,-77,-83,-71,-20,-30,-54,-79,261,0,0,0,0,0,31,0,0,0,856,804,1246,1097,1582,1455,1593,727,1818,1704,1714,1181,3296,2380,1694,1096,2583,4694,29966,29967,29968,29956,29957,29955,29951,29953,29946,29953,29950,29947,29944,0,29944,12797,6403,0,1637,0,29963,29962,29979,29979,29979,12802,29980,29981,29983,29983,29997,29995,29997,29990,29990,29989]} 1. c4 e5 2. g3 Nf6 3. Bg2 c6 4. Nf3 Bd6 (4... e4 5. Nd4 d5 6. d3 exd3 7. Qxd3 Na6 8. cxd5 Nxd5 9. O-O Be7 10. a3 O-O 11. Rd1 Bf6 12. Qc2 Qe7 13. e4 Ndc7 {1-0 (38) Gordievsky,D (2615)-Najer,E (2663) Moscow 2018}) 5. O-O O-O 6. Nc3 {A20: English Opening: 1...e5} Re8 $146 ({Predecessor:} 6... Bc7 7. d4 e4 8. Ne1 d5 9. Bg5 a6 10. Bxf6 gxf6 11. cxd5 cxd5 12. Qb3 {1-0 (22) Buhr,P (1744)-Marx,I (1759) Willingen 2016}) 7. b3 Bf8 8. Bb2 {The position is equal.} d5 9. cxd5 cxd5 10. d4 e4 $1 {[%cal Re4f3]} 11. Ne5 Nc6 12. Nxc6 bxc6 13. Na4 e3 14. f3 (14. Qe1 $15) 14... h5 $1 $17 15. Qc2 (15. h4 $17) 15... Bd7 (15... h4 $1 $19 {Strongly threatening ...hxg3.} 16. g4 (16. Qxc6 Bd7 $17) (16. gxh4 Nh5 $17) 16... Qd6) 16. Nc5 $11 h4 17. Rac1 $2 {[%mdl 8192]} (17. g4 $1 $11) 17... hxg3 $19 18. hxg3 Rc8 $2 (18... Bxc5 $19 19. dxc5 (19. Qxc5 $2 Nh5 $19) 19... Nh5) 19. Nxd7 $11 Qxd7 20. Kh2 $1 Bd6 {White must now prevent ...Nh5.} 21. Bh3 Qc7 (21... Qd8 $11) 22. Rg1 $2 (22. Bxc8 $16 {and life is bright.} Bxg3+ 23. Kg2 Rxc8 24. Qf5) 22... Rcd8 (22... g6 $1 $17 23. Bxc8 Rxc8) 23. Qf5 Qa5 (23... Nh7 $15) 24. a4 (24. Rxc6 $14 Qxa2 25. Qc2) 24... Qb6 25. Rc3 c5 (25... Bb4 $15 {stays ahead.} 26. Rd3 Re6) 26. dxc5 $16 Bxc5 27. Rxc5 $2 ({White should try} 27. Rgc1 $16 Be7 28. Rd3) 27... Qxc5 $15 28. Bxf6 gxf6 29. Qxf6 Rd6 (29... Qe7 $17 30. Qf4 Qe5) 30. Qf4 $1 $11 d4 {And now ...d3 would win.} 31. Bf5 Qe5 32. Qg4+ (32. Qxe5 $1 $11 {remains equal.} Rxe5 33. Bd3) 32... Qg7 {...Qxg4 is the strong threat.} 33. Qf4 Rf6 {Threatens to win with ...Re5!} 34. g4 {[#]} Qh6+ (34... d3 $1 $17 {[%mdl 512]} 35. exd3 Rb6) 35. Qxh6 Rxh6+ {[%mdl 4096] Endgame KRR-KRB} 36. Kg3 {[#]} Rc6 $2 {[%mdl 8192]} (36... Rb8 $1 $17 {keeps the pressure on.} 37. Rd1 Rb4) 37. Rd1 $2 (37. Bd7 $18 Ree6 38. Bxc6 Rxc6 39. Rd1) 37... Rc3 {Threatening ...Rd8.} 38. Rxd4 Rxb3 39. Rd7 a6 40. f4 Ra3 41. Bc2 Ra2 $2 {[%mdl 8192]} (41... Rc8 $11 42. Be4 Rxa4) 42. Bb3 $1 $18 {[%csl LRa2,LRf7]} Rxe2 43. Bxf7+ Kf8 44. Bxe8 Kxe8 {KR-KR} 45. Kf3 (45. Rd3 $142 Re1 46. Kf3) 45... Ra2 46. Rd4 e2 47. Re4+ Kf7 48. Rxe2 Ra3+ 49. Re3 Rxa4 50. g5 a5 51. Kg4 Rc4 52. Rb3 a4 53. Rb7+ Kg6 54. Rb6+ Kg7 55. Ra6 Rb4 56. Kg3 Rb3+ 57. Kg4 Rb4 58. Ra5 (58. Ra7+ $142 Kg6 59. Ra6+ Kg7) 58... Kg6 59. Ra6+ (59. Ra8 $142 Kg7 60. Ra5) 59... Kg7 $1 60. Rf6 $2 (60. Ra8 $18 {Hoping for Ra6.} Kf7 61. Ra7+ Kg6 62. Ra6+ Kg7) 60... a3 $2 {[%mdl 8192]} (60... Rb8 $11) 61. Ra6 Rb3 62. Ra7+ Kg8 63. g6 (63. f5 $142 Rb1 64. f6 Rd1 65. g6 Rg1+ 66. Kf5 Rf1+ 67. Ke6 Re1+ 68. Kd7) 63... Rb6 64. Kg5 {White mates.} Rb5+ 65. f5 {[%cal Bf4f5,Bf5f6][%mdl 32]} Rb3 66. f6 Rb5+ 67. Kf4 Rb4+ 68. Ke5 {Precision: White = 43%, Black = 23%.} 1-0

[Event "RUS-chT Blitz Men 2018"]
[Site "Sochi"]
[Date "2018.10.10"]
[Round "12"]
[White "Dilmukhametov, Artur"]
[Black "Morozevich, Alexander"]
[Result "0-1"]
[WhiteElo "2353"]
[BlackElo "2656"]
[Annotator "TA"]
[PlyCount "94"]
[EventDate "2018.10.10"]
[EventType "swiss"]
[EventCountry "RUS"]
[SourceTitle "playchess.com"]
[Source "ChessBase"]
[SourceQuality "1"]

{[%evp 18,94,-4,-15,25,-56,-55,-83,-78,-76,-64,-72,-72,-70,-63,-76,-73,-76,-37,-125,-68,-133,-101,-102,-99,-104,-89,-101,-2,-2,-1,-1,-11,-1,-3,-4,0,-206,-193,-229,-229,-208,-207,-210,-202,-276,-263,-379,-363,-443,-442,-491,-507,-496,-466,-579,-556,-621,-588,-620,-552,-845,-841,-833,-764,-858,-760,-1767,-1400,-29987,-29987,-29988,-29988,-29980,-29981,-29994,-29987,-29995,-29988]} 1. d4 Nf6 2. Nc3 e6 3. e4 d5 4. Bg5 dxe4 {[#]} 5. Nxe4 $1 {[%mdl 512]} Be7 (5... Nxe4 6. Bxd8) 6. Nxf6+ Bxf6 7. Bxf6 Qxf6 8. Nf3 O-O 9. Bd3 c5 10. Qe2 Nc6 {C13: French: Classical System: 4 Bg5 Be7, Alekhine-Chatard Attack} 11. c3 $146 ({White should play} 11. dxc5 $11 Qxb2 12. O-O) ({Predecessor:} 11. dxc5 Qxb2 12. O-O Nd4 13. Nxd4 Qxd4 14. Qe4 {½-½ (14) Corrales Jimenez,F (2578)-Cordova,E (2538) Merida 2011}) 11... cxd4 $15 12. Qe4 {[%csl Gd3][%cal Re4h7]} g6 {Black is better.} 13. Nxd4 Nxd4 14. Qxd4 Qxd4 15. cxd4 Rd8 16. O-O-O Rxd4 17. Bb5 Rd5 18. Ba4 (18. Rxd5 $15 exd5 19. Kd2) 18... Kf8 (18... Rc5+ $17 19. Bc2 b6) 19. Rhe1 ({Better is} 19. Rxd5 $15 exd5 20. Kd2) 19... Rxd1+ 20. Rxd1 $17 {[%mdl 4096] Endgame KRB-KRB} Ke7 21. f4 a5 22. Rd4 Ra6 (22... Rb8 $17 23. Bb5 b6) 23. Rc4 $1 $11 {[%cal Rc4c8]} Kd8 24. Rd4+ Kc7 25. Rc4+ Kb8 26. Rd4 $1 Rb6 27. Rd8 $2 (27. a3 $11 {and White is okay.}) 27... Rb4 $19 28. b3 Kc7 ({Don't play} 28... Rxf4 29. Rh8) 29. Rh8 Rxf4 30. Rxh7 {[#]} e5 $1 31. g3 Rf2 32. Bb5 (32. b4 {keeps fighting.} Be6 33. bxa5) 32... Be6 33. Bd3 Kd6 34. Rh8 Rxa2 35. Bc2 {If White can now play Kb1 this consolidates a bit.} b5 {[%cal Bb7b5,Bb5b4][%mdl 32]} 36. Kb1 Ra3 37. Kb2 b4 38. Ra8 Bd5 39. Ra6+ Kc5 40. Ra7 f5 41. Ra6 e4 42. Rxg6 a4 43. bxa4 Ra2+ {Black mates.} 44. Kc1 b3 45. Bb1 Rxh2 46. a5 b2+ 47. Kd1 Bb3+ {Precision: White = 34%, Black = 63%.} 0-1

[Event "RUS-chT Blitz Men 2018"]
[Site "Sochi"]
[Date "2018.10.10"]
[Round "12"]
[White "Chizhikov, Vladislav"]
[Black "Shcherbakov, Ruslan"]
[Result "1/2-1/2"]
[WhiteElo "2304"]
[BlackElo "2516"]
[Annotator "TA"]
[PlyCount "114"]
[EventDate "2018.10.10"]
[EventType "swiss"]
[EventCountry "RUS"]
[SourceTitle "playchess.com"]
[Source "ChessBase"]
[SourceQuality "1"]

{[%evp 26,114,0,0,10,13,0,11,24,0,187,193,536,544,511,47,89,73,358,0,-7,-6,0,-40,31,-83,-73,-186,-86,-82,-82,-79,-86,-91,-81,-83,-66,-66,-66,-66,-70,-110,-110,-125,-122,-180,-165,-214,-214,-207,-74,-70,-35,-35,-2,-2,-2,-2,-5,-30,-15,-18,-25,-40,0,-8,-8,-8,-8,-8,8,8,8,-8,-8,-8,-8,-8,-8,-8,-8,-8,-8,-8,-8,-8,-8,-8,-8,-8,-8]} 1. e4 c5 2. Nf3 Nc6 3. d4 cxd4 4. Nxd4 Qb6 5. Nb3 Nf6 6. Nc3 e6 7. Be3 Qc7 8. a3 a6 9. Be2 b5 10. O-O Bb7 11. f4 d6 12. Bf3 Be7 13. Kh1 O-O 14. Qe1 {LiveBook: 3 Games. B33: Sicilian: Pelikan and Sveshnikov Variations} Rfe8 15. Qg3 Nd7 $146 ({Predecessor:} 15... Rac8 16. Rae1 Nd7 17. Rd1 {½-½ (91) Karasova,E (2269)-Belak,S (2282) ICCF email 2009}) 16. Rad1 Bf8 17. Bh5 Nc5 $2 (17... Nf6 $11 {and Black has nothing to worry.} 18. Bf3 b4 19. axb4 Nxb4) 18. f5 $18 g6 $2 (18... Nxb3 19. fxe6 (19. cxb3 g6 $14) 19... fxe6) 19. fxe6 fxe6 20. Bg4 $2 (20. Nxc5 $18 Ne5 21. Nxb7 Qxb7 22. Be2) 20... Ne5 21. Nxc5 dxc5 $2 {[%mdl 8192]} (21... Nxg4 $16 {keeps fighting.} 22. Bd4 (22. Qxg4 dxc5 23. Bf4 Qg7 $16) 22... Ne5) 22. Qh3 $2 (22. Rf6 $18) 22... Nxg4 $11 23. Qxg4 Bg7 24. Ne2 Qe5 ({Black should try} 24... Bxb2 $15 25. Rf2 Bxa3) 25. Rd7 {[#]} (25. Ng3 $1 $14 {keeps the upper hand.}) 25... Bc6 $1 $17 {[%cal Rc6d7]} 26. Rdf7 (26. Rxg7+ $17 {is a better defense.} Kxg7 27. Ng3) 26... Rf8 (26... Bxe4 $19 {is more deadly. aiming for ...Bf5.} 27. Bxc5 Bf5 28. Rxg7+ Qxg7) 27. Rxf8+ Rxf8 28. Rxf8+ Kxf8 29. c3 Qxe4 30. Bxc5+ Kg8 (30... Kf7 {with more complications.} 31. Qf4+ Qxf4 32. Nxf4 e5 33. Nd3 Ke6) 31. Qxe4 Bxe4 $15 {[%mdl 4096] Endgame KBB-KBN} 32. Nd4 Kf7 33. Kg1 e5 34. Nb3 Bd5 35. Nd2 (35. Na1 $17) 35... Bh6 $19 36. Nf1 {[#]} Bc1 $1 37. Ne3 Be6 (37... Bb3 $19 {has better winning chances.} 38. Kf2 Bxb2) 38. Nd1 $17 Bb3 39. Be3 Bxe3+ 40. Nxe3 $15 {KB-KN} Ke6 41. Kf2 g5 42. g4 e4 43. Nf5 Ke5 44. Ke3 Bd1 45. h3 {The position is equal.} h5 46. Ng3 hxg4 47. hxg4 Bxg4 48. Nxe4 Kf5 49. Kd4 (49. Nc5 {seems wilder.} Ke5 50. Nxa6 Kd5 51. b3 Bd1 52. Nc7+) 49... Bf3 50. Nxg5 Kxg5 $11 {KB-K3P} 51. Kc5 Be2 52. Kb6 Kf5 {Hoping for ...Ke4.} 53. Kxa6 Ke5 54. Ka5 Kd5 55. b3 Bd1 56. Kb4 Kc6 57. c4 bxc4 {Precision: White = 47%, Black = 28%.} 1/2-1/2